Manchester United Squad 2021-2022 - Statistics

General Stats
  • This quiz has been taken 88 times
  • The average score is 15 of 41
Answer Stats
Shirt Number Answer % Correct
1 David De Gea
97%
5 Harry Maguire
87%
10 Marcus Rashford
77%
7 Cristiano Ronaldo
76%
23 Luke Shaw
71%
6 Paul Pogba
68%
17 Fred
59%
4 Phil Jones
59%
18 Bruno Fernandes
57%
25 Jadon Sancho
51%
14 Jesse Lingard
51%
19 Raphael Varane
51%
26 Dean Henderson
48%
21 Edinson Cavani
47%
11 Mason Greenwood
36%
2 Victor Lindelof
36%
3 Eric Bailly
35%
8 Juan Mata
35%
29 Aaron Wan Bissaka
33%
9 Anthony Martial
33%
34 Donny Van De Beek
33%
22 Tom Heaton
33%
27 Alex Telles
32%
20 Diogo Dalot
32%
39 Scott McTominay
31%
13 Lee Grant
27%
15 (On loan at Flamengo) Andreas Pereira
24%
31 Nemanja Matic
24%
16 Amad Diallo
17%
36 Anthony Elanga
17%
33 (On loan at Norwich) Brandon Williams
17%
37 (On loan at Nott Forest) James Garner
13%
38 (On loan at Aston Villa) Axel Tuanzebe
11%
44 (On loan at Birmingham) Tahith Chong
11%
28 (On loan at Deportivo) Facundo Pellistri
8%
46 Hannibal Mejbri
8%
MANAGER Ole Gunaar Solskjaer
4%
30 (On loan at Mansfield) Nathan Bishop
3%
47 Shola Shoretire
3%
51 Matej Kovar
1%
43 Teden Mengi
0%
No matching quizzes found
Score Distribution
Percent of People with Each Score
Percentile by Number Answered
Your Score History
You have not taken this quiz